Responses for Show #3586 - Monday, March 20, 2000

Contestants

[<< previous game]

Dave Fisher, an actor from Los Angeles, California

Tony Burrell, an attorney from Austell, Georgia

Melissa Gaul, a quality manager from Shoreview, Minnesota

[next game >>]

Jeopardy! Round responses

THE FRENCH REVOLUTION
VIDEO POTPOURRI
HELLO, NEWTON!
TV DUALISTS
(Alex: We will give you different roles, you have to identify the actor who played those roles.)
FOOD-O
(Alex: Foods that end in the letter O.)
BIRD VERBS
    $100 1
the Bastille

Tony
    $100 3
snow (snowshoes)

Melissa
    $100 6
Cambridge

Dave
    $100 7
(Tony: Sorry.)

Buddy Ebsen

TonyDave
    $100 26
Jell-O

Melissa
    $100 12
duck

Melissa
    $200 2
Napoleon

Dave
    $200 4
eyes

Melissa
    $500 16
telescope

Dave
    $200 8
(M: I'm sorry.)

Bill Bixby

MelissaDave
    $200 27
tomato

Tony
    $200 13
chicken

Dave
    $300 20
(Tony: Who was Robespierre?)

Louis XVI

Tony
Triple Stumper
    $300 5
Hollywood Boulevard

Dave
    $300 17
moon

Dave
    $300 9
Marion Ross

Dave
    $300 28
Gazpacho

Dave
    $300 14
hawk

Tony
    $400 21
Jean-Paul Marat

Dave
    $400 22
Beijing/Peking

Dave
    $400 18
mint

Melissa
    $400 10
Harry Morgan

Dave
    $400 29
(buzzer sounds)

Bosco

Tony
    $400 15
crane

Dave
    $500 25
Robespierre

Tony
    $500 23
(Alex: With less than a minute to go.)

chameleon

Triple Stumper
    $500 19
Edmond Halley

Triple Stumper
    $500 11
Ray Walston

Triple Stumper
    $500 24
crow

Tony

Scores at the first commercial break (after clue 15):

Melissa Tony Dave
$200 $300 $2,200

Scores at the end of the Jeopardy! Round:

Melissa Tony Dave
$700 $1,600 $4,100

Double Jeopardy! Round responses

THE INDIAN OCEAN
"LE" CATEGORIE
BASEBALL LIT
MOVIE QUOTES
(Alex: In which you have to name the film.)
NOTABLE NAMES
2-LETTER TERMS
    $200 5
tides

Tony
    $200 4
Pepe Le Pew

Dave
    $200 26
southpaw

Melissa
    $200 1
The Wizard of Oz

Tony
    $200 8
Mahatma Gandhi

Tony
    $200 18
"Oy!"

Dave
    $400 14
oil

Tony
    $400 6
Le Monde

Tony
    $400 28
(D: What is Shea Stadium?)
(T: What is Ebbets Field?)
(buzzer sounds)

The Polo Grounds

TonyDave
Triple Stumper
    $400 2
(D: What is "Aliens?")
(M: What is "Alien?")

Austin Powers: International Man of Mystery

MelissaDave
Triple Stumper
    $400 9
Douglas MacArthur

Dave
    $400 19
yo

Melissa
    $600 23
(Dave: What is silt?)
...
(Alex: With about a minute to go.)

sediment

TonyDave
    $600 7
Morgan le Fay

Dave
    $600 3
Dirty Dancing

Triple Stumper
    $600 10
Werner Heisenberg

Melissa
    $600 20
re

Melissa
    $600 24
(Tony: What is the Baltic?)

Arabian

Tony
    $800 15
Le Corbusier

Melissa
    $800 27
Tom Seaver

Tony
    $800 12
Being There

Dave
    $800 11
Jeremy Bentham

Triple Stumper
    $800 21
mo (momentum)

Melissa
    $1000 25
Dar es Salaam

Tony
    $1000 16
Curtis LeMay

Tony
    $1000 13
(Dave: What is "Frankenstein?")

Bride of Frankenstein

Dave
Triple Stumper
    $1000 17
Irene Ryan

Tony
    $1000 22
gi

Dave

Scores at the end of the Double Jeopardy! Round:

Melissa Tony Dave
$3,700 $6,400 $4,900

[wagering suggestions for these scores]

Final Jeopardy! Round responses

ARMIES OF THE WORLD
MelissaWhat is Italy?
$100
DaveWhat is Monaco?
$1,600
TonyWhat is The Vatican
$3,600
Monaco

Final scores:

Melissa Tony Dave
$3,600 $2,800 $6,500
2nd place: a Zenith 36" stereo TV & DirecTV satellite system 3rd place: a Sony Card $1,000 shopping spree New champion: $6,500

Game dynamics:

Coryat scores:

Melissa Tony Dave
$3,700 $7,000 $4,600
11 R,
2 W
16 R,
4 W
(including 1 DD)
20 R
(including 1 DD),
4 W

Combined Coryat: $15,300

[game clues] [game scores] [suggest correction]

Game tape date: 2000-01-11
The J! Archive is created by fans, for fans. Scraping, republication, monetization, and malicious use prohibited; this site may use cookies and collect identifying information. See terms. The Jeopardy! game show and all elements thereof, including but not limited to copyright and trademark thereto, are the property of Jeopardy Productions, Inc. and are protected under law. This website is not affiliated with, sponsored by, or operated by Jeopardy Productions, Inc. Join the discussion at JBoard.tv.